Music Quiz

Random Music or Billboard Quiz

Guess the Song Game Quiz Stats

 Plays Quiz not verified by Sporcle

Support Sporcle.
Go Orange.
Score 0/20 Timer 08:00
1 Play Today
% Correct
Work
85.3%
Without Me
66.6%
New Rules
66.3%
Call Me Maybe
65.1%
Closer
63%
Shape of You
62.2%
All About That Bass
60.4%
Blank Space
59.8%
Chained to the Rhythm
59.5%
Shake It Off
59%
% Correct
Wrecking Ball
56.6%
Feel It Still
53.2%
Hello
52.2%
Uptown Funk
46.6%
Nothing Breaks Like a Heart
46.5%
Perfect
45.7%
Sucker
45%
We Don't Talk Anymore
41.1%
thank u, next
39.3%
Bad Guy
38.5%

You're not logged in!

Compare scores with friends on all Sporcle quizzes.
OR
Log In

From the Vault

Coaches With Most Final Four Appearances

by alexalm

These coaches had so much fun at the Big Dance that they decided to go again.
Remove Ads.
Support Sporcle.
Get the best of Sporcle when you Go Orange. This ad-free experience offers more features, more stats, and more fun while also helping to support Sporcle. Thank you for becoming a member.

Show Comments

Extras

Top Quizzes Today


Score Distribution

Your Account Isn't Verified!

In order to create a playlist on Sporcle, you need to verify the email address you used during registration. Go to your Sporcle Settings to finish the process.

Report this User

Report this user for behavior that violates our Community Guidelines.

Details: